000 00984nam a22002897a 4500
001 9119
003 FISKH
005 20251124100450.0
008 251124b cb ||||| |||| 00| 0 eng d
020 _a9780744548983
040 _aFISKH
_beng
_cFISKH
_dFISKH
050 _aPZ7.H314873 G
082 _a823.914
100 _aHayes, Sarah
_eAuthor
245 _aThe grumpalump :
_bReading together /
_cSarah Hayes ; Illustrated by Barbara Firth
260 _aLondon :
_bWalker Books ,
_c1990
300 _a27 unnumbered pages :
_bcolor illustrations ;
_c20 cm
505 _aQ
520 _aAll the animals try to get a reaction out of the mysterious lumpy grumpalump, but nothing happens until the gnu blows into it and gets an inflated surprise.
521 8 _a660
_bLexile
521 8 _aQ
_bRaz-Plus
650 _aAnimals
_vJuvenile fiction
650 _aAir balloon
_vGreat sounds book
700 _aFirth, Barbara
_eIllustrator
942 _2ddc
_cBK
_n0
999 _c9119
_d9119